kku e-library facility

Solid State Physics (Record no. 194)

MARC details
000 -LEADER
fixed length control field 00393nam a22001457a 4500
005 - DATE AND TIME OF LATEST TRANSACTION
control field 20260325112746.0
008 - FIXED-LENGTH DATA ELEMENTS--GENERAL INFORMATION
fixed length control field 260325b |||||||| |||| 00| 0 eng d
020 ## - INTERNATIONAL STANDARD BOOK NUMBER
International Standard Book Number 978-81-224-2726-4
100 ## - MAIN ENTRY--PERSONAL NAME
Personal name Pillai O.S
245 ## - TITLE STATEMENT
Title Solid State Physics
Statement of responsibility, etc. /S. O. Pillai
250 ## - EDITION STATEMENT
Edition statement 6th ed
260 ## - PUBLICATION, DISTRIBUTION, ETC.
Place of publication, distribution, etc. New Delhi;
Name of publisher, distributor, etc. New Age International Ltd;
Date of publication, distribution, etc. 2010
300 ## - PHYSICAL DESCRIPTION
Extent XVI, 832p.ill;
Dimensions 24cm
942 ## - ADDED ENTRY ELEMENTS (KOHA)
Source of classification or shelving scheme Dewey Decimal Classification
Koha item type Books
Suppress in OPAC No

No items available.

©2025 All rights reserved. KKU